Aasian maantiedettä kirjaimittain - R - Statistics

Yleistilastot
  • Tätä visaa on pelattu 419 kertaa
  • Keskiarvotulos 6 / 16
Vastaustilastot
Vihje Vastaus % Oikein
Aasian viljellyin ruokakasvi Riisi
95%
Saudi-Arabian pääkaupunki Riad
86%
Vladivostokissa käytetty valuutta Rupla
80%
Intian valuutta Rupia
76%
Iranin, Jemenin ja Omanin valuutta Rial
46%
Yangonin vanha nimi Rangoon
44%
Palestiinan nykyinen de facto -pääkaupunki Ramallah
29%
Intian pinta-alaltaan suurin osavaltio Rajasthan
20%
Islaminuskoinen Myanmarin etninen ryhmä, josta suuri osa pakeni vainoja Bangladeshiin Rohingyat
20%
Japanille kuuluva saaristo, jonka suurin saari on Okinawa {Riukiu}saaret
19%
Islamabadin kaksoiskaupunki Rawalpindi
17%
Malesian valuutta Ringgit
17%
Gazan kaistan kaupunki, jossa on rajanylityspaikka Egyptiin Rafah
16%
Rautaa ja terästä tuottava miljoonakaupunki Intian itäisissä keskiosissa Raipur
11%
Yksi Yhdistyneiden arabiemiraattien emiirikunnista Ras al-Khaima
10%
Teestä tunnettu kaupunki ja maakunta Turkin koillisrannikolla Rize
9%
Ehtoja vastaavia visoja ei löytynyt
Tulosjakauma
Jokaisen tuloksen saaneiden osuus
Persentiili vastausten määrän mukaan
Tuloshistoriasi
Et ole pelannut tätä visaa